| 000 | 00431nam a22001817a 4500 | ||
|---|---|---|---|
| 003 | MPLRDC | ||
| 005 | 20220104173440.0 | ||
| 008 | 210129b ||||| |||| 00| 0 eng d | ||
| 020 | _a0-273-01381-5 | ||
| 082 | _a587.19 SMIT 1979 | ||
| 100 | _aKENNETH SMITH, DENIS J. KEENAN | ||
| 245 |
_aENGLISH LAW _c |
||
| 250 | _a初六版 | ||
| 260 |
_a _bSYSTEMATIC _c1979 |
||
| 300 | _b平 | ||
| 650 | _a | ||
| 942 |
_cBK _o587.19 SMIT 1979 |
||
| 999 |
_c59423 _d59413 |
||